ბათუმის შოთა რუსთაველის სახელმწიფო უნივერსიტეტის ბიბლიოთეკა

როგორ ავიცილოთ თავიდან წამება : (ბიბ.ჩანაწერი № 59519)

000 -ლიდერი
ფიქსირებული სიგრძის საკონტროლო ველი 01406nam a22001937a 4500
003 - საკონტროლო ნომრის იდენტიფიკატორი
საკონტროლო ველი Ge_BSU
005 - ბოლო ოპერაციის თარიღი და დრო
საკონტროლო ველი 20230307144944.0
008 - ფიქსირებული სიგრძის მონაცემთა ელემენტები - ზოგადი ინფორმაცია
ფიქსირებული სიგრძის საკონტროლო ველი 230307s2004 ge ||||| |||| 00| 0 geo d
041 ## - ენის კოდი
Language code of text/sound track or separate title geo
080 ## - უნივერსალური ათობითი კლასიფიკაციის ინდექსი
Universal Decimal Classification number 343.255.5+ 341.231.14 რ-72
245 ## - ცნობა სათაურის შესახებ
Title როგორ ავიცილოთ თავიდან წამება :
Remainder of title რეკომენდაციები და სამართლებრივი ნორმები წამების მსხვერპლთათვის /
Statement of responsibility, etc წამების მსხვერპლთა ფსიქოსოციალური და სამედიცინო რეაბილიტაციის საქართველოს ცენტრი ; რედაქტორი ნინო მახაშვილი.
264 ## - წარმოების, გამოცემის, დისტრიბუციის და სხვა ცნობები
გამოცემის, წარმოების, დისტრიბუციის... ადგილი თბილისი,
გამოცემის, წარმოების, დისტრიბუციის... თარიღი 2004.
300 ## - ფიზიკური აღწერა
Extent 96 გვ. ;
Other physical details 20 სმ.
653 ## - INDEX TERM--UNCONTROLLED
Uncontrolled term ადამიანის ძირითადი უფლებების დაცვა
653 ## - INDEX TERM--UNCONTROLLED
Uncontrolled term წამება
700 ## - ADDED ENTRY--PERSONAL NAME
Personal name მახაშვილი, ნინო
Relator term რედაქტორი
9 (RLIN) 17131
710 ## - ADDED ENTRY--CORPORATE NAME
Corporate name or jurisdiction name as entry element წამების მსხვერპლთა ფსიქოსოციალური და სამედიცინო რეაბილიტაციის საქართველოს ცენტრი.
9 (RLIN) 17132
942 ## - ADDED ENTRY ELEMENTS (KOHA)
Source of classification or shelving scheme
Koha item type წიგნი
ეგზემპლარები
ჩამოწერის სტატუსი დაკარგული ეგზემპლარის სტატუსი კლასიფიკაციის წყარო ან თაროზე გაწყობის სქემა დაზიანების სტატუსი არ გაიცემა მუდმივი მდებარეობა (დაცვის ადგილი) ამჟამინდელი ადგილსამყოფელი თაროზე განთავსების ადგილი შეძენის თარიღი ღირებულება, შესყიდვის ნორმალური ფასი სრული შენახვის შიფრი შტრიხკოდი ბოლო ოპერაციის თარიღი ეგზემპლარის მიმდევრობითი ნომერი (კეტერი?) ფასის ძალაში შესვლის თარიღი ეგზემპლარის სახეობა საჯარო შენიშვნა
          ბათუმის შოთა რუსთაველის სახელმწიფო უნივერსიტეტის მთავარი ბიბლიოთეკა ბათუმის შოთა რუსთაველის სახელმწიფო უნივერსიტეტის მთავარი ბიბლიოთეკა წიგნსაცავი 2023-03-07 4.00 343.255.5+ 341.231.14 რ-72 63859 2023-03-07 63859 2023-03-07 წიგნი 4 ლ.
          ბათუმის შოთა რუსთაველის სახელმწიფო უნივერსიტეტის მთავარი ბიბლიოთეკა ბათუმის შოთა რუსთაველის სახელმწიფო უნივერსიტეტის მთავარი ბიბლიოთეკა წიგნსაცავი 2023-03-07 4.00 343.255.5+ 341.231.14 რ-72 63860 2023-03-07 63860 2023-03-07 წიგნი 4 ლ.
          ბათუმის შოთა რუსთაველის სახელმწიფო უნივერსიტეტის მთავარი ბიბლიოთეკა ბათუმის შოთა რუსთაველის სახელმწიფო უნივერსიტეტის მთავარი ბიბლიოთეკა წიგნსაცავი 2023-03-07 4.00 343.255.5+ 341.231.14 რ-72 63861 2023-03-07 63861 2023-03-07 წიგნი 4 ლ.